000 00673nam a2200193 a 4500
001 000012533
005 20200929163032.0
008 091113s1996 dr c 001 0 spa d
040 _aDO-SdBNP
_bspa
_cBNPHU
082 _axxx
_bH532c
100 1 _aHerasme A., Rafael L.,
_d1960-
_919947
245 1 0 _aCarnavá :
_b¿mito o realidad? /
_cRafael L. Herasme A. ; prólogo Simón Herasme Matos.
260 _aSanto Domingo :
_bserigraf,
_c1996.
300 _a161 p. :
_bretrs. ;
_c22 cm.
500 _aIncluye datos biográficos del autor en la contracubierta
504 _aIncluye referencias bibliográficas
700 1 _aHerasme Matos, Simón
_epról.
_929240
049 _aBNPD
999 _c12188
_d12188